guess the lana del rey song pt 8 - Statistics

General Stats
  • This quiz has been taken 187 times
  • The average score is 186 of 328
Answer Stats
Answer % Correct
i
99%
you
99%
a
96%
the
89%
to
88%
love
87%
an
85%
me
85%
your
85%
we
81%
it
78%
do
76%
when
76%
youre
76%
and
74%
in
73%
be
72%
im
72%
my
72%
like
69%
baby
68%
is
67%
so
65%
too
64%
that
63%
if
61%
blue
59%
for
59%
they
59%
dont
56%
all
54%
could
54%
its
54%
kiss
54%
of
52%
wanna
51%
feel
49%
up
49%
california
48%
come
48%
need
48%
with
48%
freak
47%
this
47%
but
45%
dance
45%
leave
45%
make
44%
music
44%
while
44%
as
42%
turn
42%
rock
41%
summer
41%
every
40%
ill
40%
by
39%
hot
39%
oh
39%
time
39%
way
39%
slow
38%
eyes
37%
till
37%
both
35%
flames
35%
id
35%
life
35%
screw
35%
take
35%
talk
35%
loving
34%
thats
34%
black
31%
endless
30%
last
30%
than
30%
forever
29%
ice
29%
back
28%
cold
28%
stay
28%
still
28%
anonymity
27%
anonymity
27%
easy
27%
fire
27%
reflecting
27%
heart
25%
loves
25%
moment
25%
motion
25%
palms
25%
told
25%
yeah
25%
ocean
24%
rider
24%
sun
24%
amazing
23%
stood
23%
lets
22%
nice
22%
sense
22%
head
21%
makes
21%
looking
20%
rising
20%
full
19%
fight
18%
stranger
18%
leather
17%
past
17%
seems
17%
lies
6%
No matching quizzes found
Score Distribution
Percent of People with Each Score
Percentile by Number Answered
Your Score History
You have not taken this quiz